Normal view
MARC view
- H CONTROL , STOCHASTIC SYSTEMS, DISCRETE TIME SYSTEMS
Entry Topical Term
001 - CONTROL NUMBER
- control field: 62694
003 - CONTROL NUMBER IDENTIFIER
- control field: NUST
005 - DATE AND TIME OF LATEST TRANSACTION
- control field: 20210628202959.0
008 - FIXED-LENGTH DATA ELEMENTS
- fixed length control field: 210628|| aca||aabn | a|a d
040 ## - CATALOGING SOURCE
- Original cataloging agency: NUST
- Transcribing agency: NUST
150 ## - HEADING--TOPICAL TERM
- Topical term or geographic name entry element: H CONTROL , STOCHASTIC SYSTEMS, DISCRETE TIME SYSTEMS
670 ## - SOURCE DATA FOUND
- Source citation: Work cat.: (NUST): Gershon, Eli Shaked, Uri Yaesh, Isaac 62693, H control and estimation of state multiplicative linear systems, 2005
